000 00891nam a2200181Ia 4500
008 151202s9999||||xx |||||||||||||| ||und||
082 _bPNVM-69220
100 _aठोसर प्रभाकर केशव.
245 _aश्री महर्षी अण्णासाहेब पटवर्धन यांच्या आठवणी.
260 _bदातार रामचंद्र धोंडो.
260 _c69220
300 _a220
600 _aठोसर प्रभाकर केशव.
630 _aश्री महर्षी अण्णासाहेब पटवर्धन यांच्या आठवणी.
700 _aठोसर प्रभाकर केशव.
730 _aश्री महर्षी अण्णासाहेब पटवर्धन यांच्या आठवणी.
942 _cBOOK
999 _c1335730
_d1335727